[Event "Knjaz Milos Jezero Open"]
[Site "Belgrade SCG"]
[Date "2004.08.17"]
[Round "1"]
[White "Stankovic,Br"]
[Black "Babic,J"]
[Result "1-0"]
[WhiteElo "2230"]
[BlackElo "1928"]

1.d4 Nf6 2.c4 g6 3.Nc3 Bg7 4.e4 d6 5.Nf3 O-O 6.Be2 e5 7.O-O Nc6 8.d5 Ne7
9.Ne1 c5 10.dxc6 bxc6 11.Nd3 Ne8 12.f4 f5 13.fxe5 dxe5 14.Be3 Rf7 15.Nc5 Qc7
16.b4 Nf6 17.Qd2 f4 18.Bf2 Ng4 19.Bh4 Ne3 20.Rfc1 h6 21.Nd1 Ng4 22.h3 Nf6
23.Bxf6 Rxf6 24.Nf2 Rd6 25.Qc3 Be6 26.Nxe6 Rxe6 27.c5 Rf6 28.a4 h5 29.b5 Rb8
30.Rab1 Kh7 31.Nd3 Rff8 32.Nb4 Rbd8 33.b6 Qc8 34.Na6 Rd7 35.Bc4 Rb7 36.a5 f3
37.Nb4 fxg2 38.Ba6 Nd5 39.Nxd5 cxd5 40.c6  1-0

[Event "Open"]
[Site "Vladimir RUS"]
[Date "2004.08.19"]
[Round "2"]
[White "Arakelov,I"]
[Black "Voitsekhovsky,S"]
[Result "1-0"]
[WhiteElo "2404"]
[BlackElo "2492"]

1.d4 Nf6 2.c4 g6 3.Nc3 Bg7 4.e4 O-O 5.Nf3 d6 6.Be2 e5 7.O-O Nc6 8.d5 Ne7
9.Ne1 Ne8 10.Be3 f5 11.f3 f4 12.Bf2 h5 13.a4 g5 14.a5 Ng6 15.c5 Rf7 16.a6 b6
17.cxb6 cxb6 18.Nd3 Nf6 19.Nb4 g4 20.Nc6 Qf8 21.Nb5 g3 22.Be1 Ne8 23.Nd8 Qe7
24.Ne6 gxh2+ 25.Kxh2 Nf8 26.Bc4 Nxe6 27.dxe6 Bxe6 28.Qb3 Bxc4 29.Qxc4 Bf6
30.Rh1 Kg7 31.Bb4 Qd7 32.Rac1 Rd8 33.Rhd1 Be7 34.Rc2 Rf6 35.Rcd2 h4 36.Qd5 Nc7
37.Nxc7 Qxc7 38.Qb7 Rd7 39.Rxd6 Bxd6 40.Bxd6 Qxb7 41.axb7 Rxb7 42.Bxe5 Kg6
43.Bxf6 Kxf6 44.Rd5 Ke6 45.Rf5 a5 46.Rxf4 b5 47.Rf5 a4 48.Kh3 b4 49.Ra5 a3
50.b3 Rc7 51.Kxh4 Rc3 52.f4 Rxb3 53.f5+ Kd7 54.e5 Re3 55.e6+ Kd6 56.g4 Re1
57.Ra6+ Kd5 58.Kg5 b3 59.Rxa3 b2 60.Rb3 b1=Q 61.Rxb1 Rxb1 62.e7 Re1 63.f6 Re5+
64.Kg6 Ke4 65.Kf7  1-0

[Event "Open"]
[Site "Vladimir RUS"]
[Date "2004.08.20"]
[Round "3"]
[White "Vitiugov,N"]
[Black "Braslavsky,A"]
[Result "1-0"]
[WhiteElo "2465"]
[BlackElo "2276"]

1.d4 Nf6 2.c4 g6 3.Nc3 Bg7 4.e4 d6 5.Nf3 O-O 6.Be2 e5 7.O-O Nc6 8.d5 Ne7
9.Nd2 Ne8 10.b4 a5 11.bxa5 Rxa5 12.a4 f5 13.Ba3 b6 14.Bb4 Ra8 15.Nb5 Ba6
16.Qb3 Nf6 17.exf5 Nxf5 18.Bc3 Qd7 19.Qc2 Kh8 20.Ne4 Bxb5 21.axb5 Nxe4 22.Qxe4 Rxa1
23.Bxa1 Nd4 24.Bg4 Qe8 25.g3 Nb3 26.Bc3 Qf7 27.Qe3 Nc5 28.h4 e4 29.f4 Bxc3
30.Qxc3+ Qg7 31.Qe3 Ra8 32.f5 Ra1 33.Qf2 Rxf1+ 34.Qxf1 Qe5 35.Kg2 Kg7 36.fxg6 hxg6
37.Be2 Nb3 38.Qf2 e3 39.Qe1 Qb2 40.Kh3 Nd4 41.Bg4 Qb3 42.Qf1 Qc2 43.Qf4 Qxc4
44.Be6 g5 45.Qf7+ Kh6 46.hxg5+  1-0

[Event "Knjaz Milos Jezero Open"]
[Site "Belgrade SCG"]
[Date "2004.08.21"]
[Round "5"]
[White "Stankovic,Br"]
[Black "Savic,Dragol"]
[Result "1-0"]
[WhiteElo "2230"]
[BlackElo "2137"]

1.d4 Nf6 2.c4 g6 3.Nc3 Bg7 4.e4 d6 5.Nf3 O-O 6.Be2 e5 7.O-O Nc6 8.d5 Ne7
9.Ne1 Nd7 10.f3 f5 11.Nd3 f4 12.Bd2 g5 13.b4 Ng6 14.Rc1 Rf7 15.c5 Bf8 16.c6 Nf6
17.cxb7 Bxb7 18.Nf2 h5 19.h3 Rg7 20.Nb5 a6 21.Na3 Nh8 22.Rc3 Nf7 23.Qc2 Nh6
24.Rc1 Ne8 25.Nc4 Bc8 26.Nb6 g4 27.fxg4 hxg4 28.Nxa8 Qh4 29.Nxg4 Nxg4 30.Bxg4 Bxg4
31.Be1 Qg5 32.hxg4 Qxg4 33.Nxc7 Nxc7 34.Rxc7 Rg6 35.Qf2 f3 36.R1c3 Qxe4 37.Rxf3  1-0

[Event "Paks Cup IM"]
[Site "Paks HUN"]
[Date "2004.08.23"]
[Round "3"]
[White "Fodor,T jr"]
[Black "Tancsa,R"]
[Result "1/2-1/2"]
[WhiteElo "2202"]
[BlackElo "2253"]

1.d4 Nf6 2.c4 g6 3.Nc3 Bg7 4.e4 d6 5.Nf3 O-O 6.Be2 e5 7.O-O Nc6 8.d5 Ne7
9.Bg5 h6 10.Bxf6 Bxf6 11.b4 Bg7 12.Nd2 f5 13.f3 Kh8 14.Rc1 Ng8 15.c5 Nf6
16.Qb3 h5 17.Rc2 Bh6 18.Nc4 fxe4 19.fxe4 Bg4 20.h3 Bxe2 21.Rxe2 Qe7 22.cxd6 cxd6
23.Rf3 h4 24.a4 Nh5 25.Ref2 Rxf3 26.Rxf3 Ng3 27.Nb5 Ne2+ 28.Kf2 Nd4 29.Nxd4 exd4
30.Qd3 Bg7 31.e5 dxe5 32.Qxg6 Rf8 33.d6 Rxf3+ 34.gxf3 Qd7 35.Nxe5 Bxe5 36.Qh5+ Kg8
37.Qxe5 Qxh3 38.Qe8+ Kg7 39.Qe7+ Kg6 40.d7 Qg3+ 41.Ke2 Qg2+ 42.Kd3 Qxf3+
43.Kxd4 Qd1+ 44.Ke5 Qe1+ 45.Kd6 Qxb4+ 46.Ke6 Qe4+ 47.Kd6 Qb4+  1/2-1/2

[Event "Knjaz Milos Jezero Open"]
[Site "Belgrade SCG"]
[Date "2004.08.24"]
[Round "8"]
[White "Savic,Dragol"]
[Black "Popovic,Al"]
[Result "0-1"]
[WhiteElo "2137"]
[BlackElo "2045"]

1.d4 Nf6 2.c4 g6 3.Nc3 Bg7 4.e4 O-O 5.Nf3 d6 6.Be2 e5 7.O-O Nc6 8.d5 Ne7
9.Bd2 c6 10.b4 a5 11.a3 Bg4 12.Qb3 Qc7 13.Rfc1 Rfc8 14.h3 Bd7 15.Ne1 b6 16.Nd3 Rcb8
17.f4 exf4 18.Bxf4 axb4 19.axb4 Rxa1 20.Rxa1 cxd5 21.exd5 Nfxd5 22.cxd5 Qxc3
23.Qxc3 Bxc3 24.Ra7 Rd8 25.Bf3 Bb5 26.Nf2 Nf5 27.Ne4 Bd4+ 28.Kh2 h6 29.Bg4 Be5
30.Bxe5 dxe5 31.Rb7 Bd3 32.Bxf5 gxf5 33.Nf6+ Kg7 34.Rxb6 Bc4 35.Nh5+ Kf8
36.Ng3 f4 37.Nf5 Bd3 38.Nxh6 Rxd5 39.Ng4 e4 40.Kg1 e3 41.Rf6 Bb5 42.Rxf4 Rd1+
43.Kh2 e2  0-1

[Event "Paks Cup IM"]
[Site "Paks HUN"]
[Date "2004.08.24"]
[Round "4"]
[White "Szuhanek,R"]
[Black "Martic,Z"]
[Result "1/2-1/2"]
[WhiteElo "2414"]
[BlackElo "2281"]

1.Nf3 g6 2.c4 Bg7 3.e4 d6 4.d4 Nf6 5.Nc3 O-O 6.Be2 e5 7.O-O Nc6 8.d5 Ne7
9.b4 Nh5 10.Re1 h6 11.c5 f5 12.Nd2 Nf4 13.Bf1 fxe4 14.Ndxe4 Nf5 15.g3 Nh5
16.Bg2 Nd4 17.a4 Bf5 18.Nb5 Nf6 19.Nxf6+ Qxf6 20.Nxd4 exd4 21.Bb2 Bh3 22.f3 Bxg2
23.Kxg2 Qf5 24.Bxd4 Bxd4 25.Qxd4 Qxf3+ 26.Kg1 Qf6 27.Qxf6 Rxf6 28.cxd6 cxd6
29.Re7 Rf7 30.Re6 Kg7 31.Rxd6 Rc8 32.Rf1 Rcc7 33.a5 Rcd7 34.Rxf7+ Rxf7 35.Kg2 g5
36.b5 g4 37.h3 h5 38.hxg4 hxg4 39.a6 Rc7 40.Kf2 bxa6 41.bxa6 Kf7 42.Ke3 Rc4
43.Rd7+ Kf6 44.Rxa7 Ke5 45.Ra8 Rc3+ 46.Kd2 Kd4 47.a7 Rc7 48.d6 Rd7 49.Rg8 Rxa7
50.Rxg4+ Ke5 51.Rg6 Rd7 52.Rg5+ Kxd6 53.Ke3 Ke6 54.Kf3 Kf6 55.Kg4 Rd1 56.Rg8 Rd5
57.Ra8 Kg6 58.Ra6+ Kg7 59.Kh4 Rd7 60.g4 Rb7 61.Kh5 Rb5+ 62.g5 Rb7 63.Rg6+ Kh7
64.Rc6 Kg7 65.Rc5 Re7 66.g6 Ra7 67.Kg5 Rb7 68.Rf5 Rc7 69.Rf7+ Rxf7 70.gxf7 Kxf7  1/2-1/2

[Event "Paks Cup GM"]
[Site "Paks HUN"]
[Date "2004.08.28"]
[Round "8"]
[White "Polak,T"]
[Black "Schill,W"]
[Result "1-0"]
[WhiteElo "2482"]
[BlackElo "2298"]

1.d4 Nf6 2.c4 g6 3.Nc3 Bg7 4.e4 d6 5.Nf3 O-O 6.Be2 e5 7.O-O Nc6 8.d5 Ne7
9.b4 c6 10.dxc6 bxc6 11.Bg5 h6 12.Bxf6 Bxf6 13.Qd2 Kg7 14.Rad1 d5 15.cxd5 cxd5
16.exd5 Bf5 17.Rfe1 Rb8 18.a3 a5 19.d6 Nc6 20.b5 Nd4 21.Nxd4 exd4 22.Nd5 Qxd6
23.Nxf6 Kxf6 24.Qxd4+ Qxd4 25.Rxd4 Rfe8 26.g4 Re4 27.Rxe4 Bxe4 28.f3 Bc2
29.Kf2 Ba4 30.Bc4 Rb7 31.Rb1 Ke5 32.Ke3 g5 33.b6 Bc6 34.Bd3 f6 35.Be4 Bxe4
36.fxe4 Kd6 37.Kd4 Kc6 38.Kc4 Rxb6 39.Rxb6+ Kxb6 40.Kd5  1-0

[Event "Paks Cup IM"]
[Site "Paks HUN"]
[Date "2004.08.31"]
[Round "11"]
[White "Szuhanek,R"]
[Black "Zimmerman,Y"]
[Result "1/2-1/2"]
[WhiteElo "2414"]
[BlackElo "2361"]

1.Nf3 g6 2.c4 Bg7 3.e4 d6 4.d4 Nf6 5.Nc3 O-O 6.Be2 e5 7.O-O Nc6 8.d5 Ne7
9.b4 Nh5 10.Re1 f5 11.Ng5 Nf6 12.Bf3 c6 13.Be3 cxd5 14.cxd5 h6 15.Ne6 Bxe6
16.dxe6 fxe4 17.Nxe4 Nxe4 18.Bxe4 d5 19.Bc2 b6 20.Qg4 e4 21.Rad1 Qc7 22.Bb3 Rf5
23.Bd4  1/2-1/2

[Event "TCh-CRO u20"]
[Site "Rabac CRO"]
[Date "2004.09.08"]
[Round "4"]
[White "Bosiocic,Mari"]
[Black "Plenkovic,Z"]
[Result "1-0"]
[WhiteElo "2308"]
[BlackElo "2217"]

1.Nf3 Nf6 2.c4 g6 3.Nc3 Bg7 4.e4 d6 5.d4 O-O 6.Be2 e5 7.O-O Nc6 8.d5 Ne7
9.b4 c6 10.Re1 a5 11.bxa5 c5 12.a4 Rxa5 13.Nd2 Ne8 14.Bg4 f5 15.Bh3 Nf6 16.Ra3 Ra6
17.Nb5 Nh5 18.g3 f4 19.Bxc8 Nxc8 20.Kg2 Rf7 21.Qg4 Bh6 22.Qh3 fxg3 23.hxg3 Nb6
24.Nf3 Bxc1 25.Rxc1 Rxa4 26.Rxa4 Nxa4 27.Qe6 Qf6 28.Qxf6 Rxf6 29.Ra1 Nb6
30.Nd2 Ng7 31.Ra7 Ne8 32.Rxb7 Na4 33.Rb8 Kf7 34.Rb7+ Kg8 35.Rb8 Kf7 36.f4 exf4
37.Nf3 Nb2 38.Ng5+ Kg7 39.Rxe8 Nxc4 40.gxf4 h6 41.Ne6+ Kh7 42.Re7+ Kh8 43.Nxd6  1-0

[Event "TCh-CRO"]
[Site "Rabac CRO"]
[Date "2004.09.09"]
[Round "5"]
[White "Doric,D"]
[Black "Zufic,M"]
[Result "1-0"]
[WhiteElo "2300"]
[BlackElo "2375"]

1.d4 g6 2.e4 Bg7 3.c4 d6 4.Nc3 Nf6 5.Nf3 O-O 6.Be2 e5 7.O-O Nc6 8.d5 Ne7
9.Ne1 Nd7 10.Be3 f5 11.f3 f4 12.Bf2 g5 13.a4 Nf6 14.c5 Ng6 15.cxd6 cxd6 16.a5 h5
17.Nb5 g4 18.Bxa7 g3 19.Bb6 Qe7 20.Nc7 Nd7 21.Ne6 Nxb6 22.axb6 Rxa1 23.Qxa1 Bxe6
24.dxe6 Qxe6 25.Qa7 Qb3 26.Kh1 Rf7 27.Qa3 Qe6 28.Qb4 d5 29.exd5 Qf6 30.Bd3 Bf8
31.Qb5 gxh2 32.Be4 Nh4 33.Qe8 Kg7 34.Nd3 Bd6 35.b4 Qg5 36.Rf2 Qg3 37.Qe6 Rf6
38.Qd7+ Kh6 39.Qh7+ Kg5 40.Qxb7 Ng6 41.Qc8 Kh6 42.b7 h4 43.b5 Rf8 44.Bxg6  1-0

[Event "TCh-SCG Men"]
[Site "Budva SCG"]
[Date "2004.09.10"]
[Round "3"]
[White "Maksimovic,B"]
[Black "Lazic,D"]
[Result "1-0"]
[WhiteElo "2393"]
[BlackElo "2338"]

1.d4 Nf6 2.c4 g6 3.Nc3 Bg7 4.e4 d6 5.Be2 O-O 6.Nf3 e5 7.O-O Nc6 8.d5 Ne7
9.Ne1 Nd7 10.Nd3 f5 11.Bd2 Nf6 12.f3 f4 13.c5 g5 14.cxd6 cxd6 15.Nf2 Ng6
16.Qc2 Rf7 17.Rfc1 Bf8 18.a4 Bd7 19.Qd1 h5 20.a5 Rg7 21.a6 b6 22.Be1 Nh8
23.h3 Nf7 24.Nb5 Ne8 25.Ra3 Nh6 26.Rac3 Bc8 27.Qa4 g4 28.fxg4 hxg4 29.hxg4 Bxg4
30.Nxg4 Nxg4 31.Bxg4 Rxg4 32.Qd1 Rg7 33.Qf3 Qg5 34.Nc7 Nxc7 35.Rxc7 Re8 36.Kf1 Ree7
37.Rxe7 Rxe7 38.Rc2 Rg7 39.Bf2 Qg6 40.Rc8 Rh7 41.Ke2 Rh1 42.Kd3 Rb1 43.Kc2 Ra1
44.Bh4 Kg7 45.Rc7+ Kg8 46.Rxa7 Ra4 47.Kb3 Rxe4 48.Bf2 b5 49.Rc7 Ra4 50.a7 Qf5
51.Qe2 f3  1-0

[Event "8th WUCC"]
[Site "Instanbul TUR"]
[Date "2004.09.10"]
[Round "7"]
[White "Smirnov,P"]
[Black "Jenni,F"]
[Result "1-0"]
[WhiteElo "2620"]
[BlackElo "2517"]

1.d4 Nf6 2.c4 g6 3.Nc3 Bg7 4.e4 d6 5.Be2 O-O 6.Nf3 e5 7.O-O Nc6 8.d5 Ne7
9.b4 a5 10.Ba3 Nd7 11.bxa5 Rxa5 12.Bb4 Ra8 13.a4 Bh6 14.a5 f5 15.Bd3 Kh8
16.Re1 Ng8 17.h3 Ndf6 18.c5 fxe4 19.Bxe4 Rf7 20.Bc2 Bf5 21.Bb3 Ne8 22.c6 Qb8
23.g4 bxc6 24.dxc6 Bc2 25.Bxc2 Qxb4 26.Nd5 Qc5 27.g5 Bf8 28.Be4 Rxa5 29.Rxa5 Qxa5
30.Qa1 Qxa1 31.Rxa1 Ng7 32.Ra8 Ne6 33.h4 Kg7 34.Nh2 Be7 35.Bg2 h6 36.Bh3 Nf4
37.Nxf4 Rxf4 38.Rc8 hxg5 39.Rxc7 g4 40.Bxg4 Kf6 41.Rb7 Bd8 42.Rd7 Be7 43.c7 Rc4
44.Kg2 Nh6 45.Be2 Ke6 46.Rxe7+ Kxe7 47.Bxc4 Kd7 48.Be6+ Kxc7 49.Ng4 Nxg4
50.Bxg4 d5 51.Bf5  1-0

[Event "Open"]
[Site "Pune IND"]
[Date "2004.09.10"]
[Round "8"]
[White "Safin,S"]
[Black "Lahiri,A"]
[Result "1/2-1/2"]
[WhiteElo "2466"]
[BlackElo "2353"]

1.d4 Nf6 2.c4 g6 3.Nc3 Bg7 4.e4 d6 5.Nf3 O-O 6.Be2 e5 7.O-O Nc6 8.d5 Ne7
9.b4 Nh5 10.Re1 f5 11.Ng5 Nf6 12.Bf3 c6 13.Be3 Kh8 14.b5 cxd5 15.cxd5 fxe4
16.Ngxe4 Nf5 17.Rc1 Nxe3 18.fxe3 Nxe4 19.Nxe4 Bh6 20.Bg4 Bf5 21.Bxf5 gxf5
22.Nd2 Rc8 23.Rxc8 Qxc8 24.Qh5 Kg7 25.Nf3 Qe8 26.Qh4 Qd8 27.Qg3+ Kh8 28.Qh3 Qf6
29.g3 e4 30.Nh4 Bg5 31.Ng2 Qf7 32.Rf1 Qxd5 33.Qh5 Be7 34.g4 Qf7 35.Rxf5 Qxh5
36.Rxh5 Rc8 37.Nf4 Kg7 38.Ne6+ Kf7 39.Nd4 Kg6 40.Kf2 Rc3 41.h4 Ra3 42.Nf5 Bf8
43.Rg5+ Kf7 44.Nd4 Rxa2+ 45.Kg3 Bg7 46.Rf5+ Ke7 47.Kf4 Rg2 48.Rh5 Be5+ 49.Kf5 Bxd4
50.Rxh7+ Kf8 51.exd4 e3 52.Rh6 Rf2+ 53.Kg5 Rf7 54.Re6 Re7 55.Rf6+ Rf7 56.Re6 Re7
57.Rf6+ Rf7  1/2-1/2

[Event "TCh-SCG 2nd Liga"]
[Site "Sutomore SCG"]
[Date "2004.09.10"]
[Round "1"]
[White "Djukanovic,S"]
[Black "Todorovic,J"]
[Result "1/2-1/2"]
[WhiteElo "2347"]
[BlackElo "2415"]

1.d4 Nf6 2.c4 g6 3.Nc3 Bg7 4.e4 d6 5.Nf3 O-O 6.Be2 e5 7.O-O Nc6 8.d5 Ne7
9.b4 Nh5 10.c5 Nf4 11.Bxf4 exf4 12.Rc1 h6 13.Nd4 g5 14.Bh5 Kh8 15.h3 a5 16.a3 axb4
17.axb4 Kg8 18.Re1 c6 19.Nf3 dxc5 20.bxc5 cxd5 21.exd5 Bxc3 22.Rxc3 Qxd5
23.Nd4 Nf5 24.Nb5 Qc6 25.Nd6 Nxd6 26.Bf3 Ne4 27.Bxe4 Qf6 28.Rd3 Ra6 29.Qb3 Ra1
30.Rxa1 Qxa1+ 31.Rd1 Qe5 32.Bd5 Kg7 33.Rc1 Qe7 34.Qc3+ Qf6 35.Qxf6+ Kxf6
36.Rb1 Rd8 37.Bxb7 Bxb7 38.Rxb7 Rd1+ 39.Kh2 Rc1 40.Rb6+ Ke5 41.Rxh6 Rxc5  1/2-1/2

[Event "1st Kalamaria Open"]
[Site "Thessaloniki GRE"]
[Date "2004.09.10"]
[Round "8"]
[White "Iotov,V"]
[Black "Zakarian,D"]
[Result "1-0"]
[WhiteElo "2417"]
[BlackElo "2328"]

1.d4 Nf6 2.c4 g6 3.Nc3 Bg7 4.e4 d6 5.Nf3 O-O 6.Be2 e5 7.O-O Nc6 8.d5 Ne7
9.Ne1 Nd7 10.Be3 f5 11.f3 f4 12.Bf2 g5 13.Rc1 Rf6 14.c5 Nxc5 15.b4 Na6 16.Nb5 Bd7
17.Nxa7 Nxb4 18.Qb3 b6 19.Nb5 Bxb5 20.Bxb5 Na6 21.Nd3 Kh8 22.Bxa6 Rxa6 23.Rc4 Rf7
24.Rfc1 Ra7 25.a4 Ng8 26.h3 h5 27.Nb4 Qd7 28.Nc6 Ra8 29.a5 bxa5 30.Qb7 Rff8
31.Nxe5 Bxe5 32.Rxc7 Rac8 33.R1c6 Qxc7 34.Rxc7 Rxc7 35.Qxc7 Bf6 36.Qc4 Kg7
37.Bd4 Rc8 38.Qxc8 Bxd4+ 39.Kf1 Be5 40.Qc7+ Kh6 41.Qxa5 h4 42.Ke2 Kh5 43.Kd3 Nh6
44.Qd8 Kg6 45.Kc4 Kh5 46.Kb5 Kg6 47.Kc6 Kh5 48.Qd7  1-0

[Event "TCh-SCG Men"]
[Site "Budva SCG"]
[Date "2004.09.11"]
[Round "4"]
[White "Benkovic,P"]
[Black "Draganic,V"]
[Result "0-1"]
[WhiteElo "2430"]
[BlackElo "2279"]

1.Nf3 Nf6 2.c4 g6 3.Nc3 Bg7 4.e4 d6 5.d4 O-O 6.Be2 e5 7.O-O Nc6 8.d5 Ne7
9.Ne1 Nd7 10.Nd3 f5 11.Bd2 Kh8 12.Rc1 c5 13.dxc6 Nxc6 14.Kh1 Nc5 15.exf5 gxf5
16.f4 Ne6 17.Be3 b6 18.Qd2 Bb7 19.Bd1 Ncd4 20.Ne2 Nc5 21.Ng3 Ne4 22.Nxe4 fxe4
23.Nf2 Nf5 24.fxe5 Qh4 25.Kg1 Nxe3 26.Qxe3 Bh6 27.Qc3 Bxc1 28.exd6+ Qf6 29.Qxc1 Qd4
30.Be2 Rf6 31.Qd1 Rxd6 32.Qxd4+ Rxd4 33.Nd1 Kg8 34.Kf2 Rd2 35.Ke3 Rad8 36.g4 Rc2
37.g5 Ba6 38.Nc3 Rxb2 39.Rc1 Kg7 40.h4 Bb7 41.h5 Rd7 42.a4 Bc6 43.Kf4 Rdd2
44.Bg4 Rbc2 45.h6+ Kf7 46.Bh5+ Kg8 47.Rxc2 Rxc2 48.Nd5 Rxc4 49.Ne7+ Kf8 50.g6 e3+
51.Kg5 Rc5+ 52.Kf6 hxg6 53.Bxg6 Rc1 54.h7 Rh1 55.Nxc6 e2 56.Ne5 Rxh7 57.Nf3 Rh1
58.Bd3 e1=Q 59.Nxe1 Rxe1 60.Bb5 Re3 61.Bd7 a6 62.Bc6 Re7 63.Kf5 Rc7 64.Bd5 Ke7
65.Ke4 Kd6 66.Kd4 Rh7 67.Bc4 Rh4+ 68.Kc3 Kc5 69.Bxa6 Rxa4 70.Be2 Ra3+ 71.Kb2 Rg3
72.Bh5 b5 73.Be8 Kc4 74.Bf7+ Kb4 75.Be8 Rg2+ 76.Kb1 Rf2 77.Bd7 Kc4 78.Be6+ Kc3  0-1

[Event "8th WUCC"]
[Site "Instanbul TUR"]
[Date "2004.09.11"]
[Round "9"]
[White "Citak,S"]
[Black "Mohajerin,P"]
[Result "1-0"]
[WhiteElo "2153"]
[BlackElo "2251"]

1.d4 Nf6 2.c4 g6 3.Nc3 Bg7 4.e4 d6 5.Nf3 O-O 6.Be2 e5 7.O-O Nc6 8.d5 Ne7
9.Nd2 a5 10.a3 Nd7 11.Rb1 f5 12.b4 axb4 13.axb4 Kh8 14.Rb3 Ng8 15.Ra3 Rb8
16.Qc2 Ngf6 17.Nb5 Nh5 18.Bxh5 gxh5 19.exf5 Nf6 20.Rf3 Bd7 21.Ne4 Nxe4 22.Qxe4 Qc8
23.f6 Rxf6 24.Rxf6 Bxf6 25.Qf3 Bg7 26.Qxh5 Qg8 27.Bh6 Bxh6 28.Qxh6 Bxb5 29.Qf6+ Qg7
30.Qxg7+ Kxg7 31.cxb5 Kf6 32.f3 c6 33.bxc6 bxc6 34.dxc6 Rxb4 35.Rc1 Rb8 36.c7 Rc8
37.g4 Ke6 38.h4 h6 39.Kf2 d5 40.Rc6+ Kd7 41.Rxh6 Kxc7 42.Re6 Kd7 43.Rxe5 Kd6
44.Re1 d4 45.g5 Rc2+ 46.Kg3 d3 47.Rd1 d2 48.Kf4 Ke6 49.Kg4 Rc4+ 50.f4 Rd4
51.h5 Rd3 52.h6 Rd7 53.h7 Rxh7 54.Rxd2 Ra7 55.f5+ Kf7 56.Rd4 Kg7 57.Rb4 Rc7
58.Kh5 Ra7 59.Rb6 Rc7 60.f6+  1-0

[Event "TCh-SCG 2nd Liga"]
[Site "Sutomore SCG"]
[Date "2004.09.11"]
[Round "3"]
[White "Popovic,Zo"]
[Black "Perosevic,A"]
[Result "1-0"]
[WhiteElo "2303"]
[BlackElo "2198"]

1.d4 Nf6 2.c4 g6 3.Nc3 Bg7 4.e4 d6 5.Nf3 O-O 6.Be2 e5 7.O-O Nc6 8.d5 Ne7
9.Nd2 Ne8 10.b4 f5 11.c5 Kh8 12.a4 Ng8 13.a5 Ngf6 14.f3 f4 15.Nc4 Nh5 16.Ba3 Ng3
17.Re1 Qh4 18.Bf1 g5 19.Ne3 Rf6 20.Bb5 Rh6 21.hxg3 fxg3 22.Kf1 Nf6 23.Ke2 g4
24.Kd3 gxf3 25.Qxf3 Bg4 26.Nxg4 Qxg4 27.Qxg4 Nxg4 28.Bd7 Nf2+ 29.Ke2 Rf8
30.Bf5 Rh4 31.Bc1 h5 32.Be3 Rh2 33.Rg1 Ng4 34.Bxg4 hxg4 35.Raf1 Rf4 36.cxd6 cxd6
37.Bxa7  1-0

[Event "3rd Autumn"]
[Site "Alushta UKR"]
[Date "2004.09.12"]
[Round "4"]
[White "Tishin,D"]
[Black "Paragua,M"]
[Result "1/2-1/2"]
[WhiteElo "2372"]
[BlackElo "2529"]

1.d4 Nf6 2.c4 g6 3.Nc3 Bg7 4.e4 d6 5.Nf3 O-O 6.Be2 e5 7.O-O Nc6 8.d5 Ne7
9.b4 Nh5 10.Re1 f5 11.Ng5 Nf6 12.Bf3 c6 13.Bd2 h6 14.Ne6 Bxe6 15.dxe6 fxe4
16.Nxe4 Nxe4 17.Bxe4 Nf5 18.Re2 Qf6 19.b5 Rac8 20.bxc6 bxc6 21.Qa4 Qxe6 22.Bxc6 Qe7
23.Bd5+ Kh8 24.Bc3 Rb8 25.Qa3 Qc7 26.Rd1 Nd4 27.Bxd4 exd4 28.Qg3 Rf6 29.Rde1 Rbf8
30.Re8 Qa5 31.Rxf8+ Rxf8 32.Rf1 Rf6 33.Qb3 Rf8 34.Qg3 Rf6 35.Qb3 Rf8  1/2-1/2

[Event "TCh-SCG 2nd Liga"]
[Site "Sutomore SCG"]
[Date "2004.09.12"]
[Round "4"]
[White "Gavric,M"]
[Black "Popovic,Zo"]
[Result "1/2-1/2"]
[WhiteElo "2396"]
[BlackElo "2303"]

1.Nf3 Nf6 2.c4 g6 3.Nc3 Bg7 4.d4 d6 5.e4 O-O 6.Be2 e5 7.O-O Nc6 8.dxe5 dxe5
9.Qxd8 Nxd8 10.h3 Ne6 11.Be3 c6 12.Rfd1 Nd7 13.Na4 c5 14.Nc3  1/2-1/2

[Event "3rd Autumn"]
[Site "Alushta UKR"]
[Date "2004.09.18"]
[Round "12"]
[White "Pedersen,Ch"]
[Black "Paragua,M"]
[Result "1/2-1/2"]
[WhiteElo "2357"]
[BlackElo "2529"]

1.Nf3 Nf6 2.c4 g6 3.Nc3 Bg7 4.e4 O-O 5.d4 d6 6.Be2 e5 7.O-O Nc6 8.d5 Ne7
9.b4 a5 10.Ba3 Nh5 11.bxa5 Rxa5 12.Bb4 Ra8 13.c5 dxc5 14.Bxc5 Nf4 15.Bc4 Bg4
16.Nb5 b6 17.Bb4 Kh8 18.Qb3 f5 19.d6 cxd6 20.Bxd6 Nc6 21.Bxf8 Qxf8 22.Ng5 h6
23.Ne6 Nxe6 24.Bxe6 Be2 25.Bd5 Na5 26.Qb1 Bxf1 27.Qxf1 Rc8 28.Rc1 Rc5 29.Rc3 h5
30.Qd3 f4 31.h3 Bf6 32.Nc7 Rxc3 33.Qxc3 Qc5 34.Qxc5 bxc5 35.Kf1 Be7 36.Ke2 c4
37.Kd2 Bb4+ 38.Kd1 Kg7 39.Na6 Bc3 40.Nc5 Kf6 41.Ne6 Bd4 42.f3 Bf2 43.Kd2 Ke7
44.Kc2 Be1 45.Nc5 Kd6 46.Na4 g5 47.Bf7 h4 48.Bd5 Bf2 49.Kc3 Be1+ 50.Kc2 Bf2
51.Kd2 Bd4 52.Kc2  1/2-1/2

[Event "Georgiev-Kesarovski Mem"]
[Site "Sunny Beach BUL"]
[Date "2004.09.21"]
[Round "6"]
[White "Petkov,V"]
[Black "Nikolov,M"]
[Result "1-0"]
[WhiteElo "2375"]
[BlackElo "2390"]

1.d4 Nf6 2.c4 g6 3.Nc3 d6 4.e4 Bg7 5.Nf3 O-O 6.Be2 e5 7.O-O Nc6 8.d5 Ne7
9.Ne1 Ne8 10.g4 f5 11.f3 Kh8 12.Ng2 Ng8 13.h4 Bh6 14.Bxh6 Nxh6 15.exf5 gxf5
16.g5 Nf7 17.f4 Ng7 18.Bh5 Nxh5 19.Qxh5 Kg7 20.Rae1 Bd7 21.Rf3 e4 22.Rg3 Be8
23.Ne3 Qd7 24.Nb5 c5 25.dxc6 bxc6 26.Nd4 Ne5 27.Qh6+ Kg8 28.fxe5 dxe5 29.Ndxf5 Bg6
30.Rd1 Qb7 31.h5 Bxf5 32.g6 Qe7 33.Nxf5 Rxf5 34.gxh7+ Kh8 35.Rg8+ Rxg8+ 36.hxg8=Q+ Kxg8
37.Qg6+ Qg7 38.Rd8+ Rf8 39.Qxg7+ Kxg7 40.Rxf8 Kxf8 41.Kf2  1-0

[Event "Tatry Open"]
[Site "Tatranske Zruby SVK"]
[Date "2004.09.25"]
[Round "1"]
[White "Pacher,M"]
[Black "Mrva,Mart"]
[Result "0-1"]
[WhiteElo "2063"]
[BlackElo "2495"]

1.d4 Nf6 2.c4 g6 3.Nc3 Bg7 4.e4 d6 5.Nf3 O-O 6.Be2 e5 7.O-O Nc6 8.d5 Ne7
9.Ne1 Nd7 10.Be3 f5 11.f3 f4 12.Bf2 g5 13.a4 a5 14.Nd3 b6 15.Nb5 Nf6 16.b4 g4
17.Bh4 g3 18.h3 Ng6 19.Bg5 Bxh3 20.gxh3 Qd7 21.Qd2 Qxh3 22.Bd1 Ne8 23.c5 Qh5
24.Nxc7 Nxc7 25.cxd6 Na6 26.Be7 Nxe7 27.dxe7 Rf6 28.Qg2 Re8 29.b5 Nb8 30.Bb3 Kh8
31.Rfc1 Rxe7 32.Rc8+ Re8 33.Rac1 Rff8 34.R8c7 Bf6 35.Rb7 Re7 36.Rxb6 Rg7
37.Nc5 Nd7 38.Ne6 Nxb6 39.Nxf8 Rb7 40.Rc6 Qf7 41.Ne6 Rb8 42.d6 Na8 43.Qc2 Qa7+
44.Kg2 Qd7 45.Nc5 Qd8 46.Qc4 Bg7 47.Ne6 Qh4 48.Rc8+ Bf8 49.Qc5 Qh2+ 50.Kf1 g2+
51.Ke2 g1=Q+ 52.Kd3  0-1

[Event "Tatry Open"]
[Site "Tatranske Zruby SVK"]
[Date "2004.09.27"]
[Round "3"]
[White "Harasta,V"]
[Black "Holecko,R"]
[Result "0-1"]
[WhiteElo "2122"]
[BlackElo "2259"]

1.c4 Nf6 2.Nc3 g6 3.e4 d6 4.d4 Bg7 5.Nf3 O-O 6.Be2 e5 7.O-O Nc6 8.d5 Ne7
9.b4 a5 10.Ba3 axb4 11.Bxb4 b6 12.a4 Ne8 13.a5 bxa5 14.Rxa5 Rxa5 15.Bxa5 Bh6
16.Ne1 f5 17.c5 fxe4 18.Nxe4 dxc5 19.Qb3 Kh8 20.Bc4 Nd6 21.Nxc5 Nxc4 22.Qxc4 Qxd5
23.Qxd5 Nxd5 24.Nf3 Re8 25.Re1 Bg7 26.Nd3 e4 27.Nd2 Bf5 28.Nc5 Ra8 29.Nc4 Bd4  0-1

[Event "Premier League"]
[Site "Belgrade SCG"]
[Date "2004.09.28"]
[Round "4"]
[White "Jovanovic,Zo1"]
[Black "Popovic,Al"]
[Result "1-0"]
[WhiteElo "2389"]
[BlackElo "2045"]

1.d4 Nf6 2.c4 g6 3.Nc3 Bg7 4.e4 O-O 5.Nf3 d6 6.Be2 e5 7.O-O Nc6 8.d5 Ne7
9.b4 a5 10.Ba3 Ne8 11.c5 axb4 12.Bxb4 dxc5 13.Bxc5 Nd6 14.Nd2 b6 15.Be3 f5
16.f3 f4 17.Bf2 g5 18.Nc4 g4 19.fxg4 Bxg4 20.Nxd6 Bxe2 21.Qxe2 Qxd6 22.Nb5 f3
23.gxf3 Qd7 24.Rac1 Ng6 25.Bg3 Rfc8 26.Rc6 Bf8 27.Qc4 Bc5+ 28.Kg2 Qf7 29.a4 Kh8
30.Kh1 Nf4 31.Qc3 Re8 32.Nxc7 Bd4 33.Qd2 Nh5 34.Nxe8 Rxe8 35.Qg5 Nxg3+ 36.hxg3 Rg8
37.Qf6+ Qxf6 38.Rxf6 Rxg3 39.Rc1 Bc5 40.a5 Be3 41.Rc8+ Kg7 42.Rxb6  1-0

[Event "TCh-Vojvodina"]
[Site "Sombor SCG"]
[Date "2004.09.28"]
[Round "6"]
[White "Munizaba,S"]
[Black "Jovanovic,R"]
[Result "1-0"]
[WhiteElo "2314"]
[BlackElo "2200"]

1.c4 Nf6 2.Nc3 g6 3.e4 d6 4.d4 Bg7 5.Nf3 O-O 6.Be2 e5 7.O-O Nc6 8.d5 Ne7
9.Ne1 Nd7 10.f3 f5 11.g4 f4 12.h4 Kf7 13.Ng2 Ng8 14.Bd2 Bf6 15.Be1 Be7 16.Bf2 b6
17.b4 a5 18.a3 Ngf6 19.Qb3 Kg7 20.Na4 Ba6 21.Rfc1 Qe8 22.Bf1 Rb8 23.Qc3 Ra8
24.bxa5 Nc5 25.Nxc5 bxc5 26.Rab1 Qd7 27.Rb3 Qc8 28.Be2 Kg8 29.Rb2 Nd7 30.Bd1 Qd8
31.Ba4 Nb8 32.Rcb1 Qc8 33.Be1 Qd8 34.Qd3 Qc8 35.Bb5 h6 36.Qd1 h5 37.g5 Qd8
38.Bxa6 Nxa6 39.Qa4 Qe8 40.Qxe8 Rfxe8 41.Rb7 Rec8 42.Bd2 Rf8 43.Ne1 Kf7 44.Nd3 Rfe8
45.Nc1 Rec8 46.Ne2 Ke8 47.Nc3 Kd8 48.Nb5 Rcb8 49.Na7 Rxb7 50.Rxb7 Kd7 51.Kf1 Bd8
52.Nc6 Kc8 53.Ra7 Rxa7 54.Nxa7+ Kd7 55.Nc6 Kc8 56.Bc3 Nb8 57.Nxe5 dxe5 58.Bxe5 c6
59.Bxf4 cxd5 60.cxd5 Bxa5 61.Bd6 c4 62.Ke2 Nd7 63.f4 Bc3 64.Bb4 Bd4 65.a4 Kb7
66.a5 Ka6 67.e5 Nxe5 68.fxe5 Bxe5 69.d6 Kb7 70.a6+ Kxa6 71.d7 Bc7 72.Be7 Kb5
73.Kd2 Kc6 74.d8=Q  1-0

[Event "1st Central League"]
[Site "Vrnjacka Banja SCG"]
[Date "2004.09.28"]
[Round "5"]
[White "Jovanovic,Drag"]
[Black "Radivojevic,Mila"]
[Result "1/2-1/2"]
[WhiteElo "2132"]
[BlackElo "2128"]

1.d4 Nf6 2.c4 g6 3.Nc3 Bg7 4.e4 O-O 5.Nf3 d6 6.Be2 Nc6 7.O-O e5 8.dxe5 dxe5
9.Qxd8 Rxd8 10.Bg5 Re8 11.Nb5 Re7 12.Nc3 Rd7 13.Rfd1 Ne8 14.a3 Nd4 15.Nxd4 exd4
16.Nd5 h6 17.Bh4 g5 18.Bg3 c6 19.Nb4 Rd8 20.f3 Be6 21.Rac1 a5 22.Nd3 b6 23.h4 a4
24.c5 b5 25.Nb4  1/2-1/2

[Event "IMA Classic"]
[Site "Gausdal NOR"]
[Date "2004.09.29"]
[Round "9"]
[White "Hole,O"]
[Black "Bogner,S"]
[Result "0-1"]
[WhiteElo "2332"]
[BlackElo "2178"]

1.Nf3 Nf6 2.c4 g6 3.Nc3 Bg7 4.e4 d6 5.d4 O-O 6.Be2 e5 7.O-O Nc6 8.d5 Ne7
9.b4 Nh5 10.Re1 f5 11.Ng5 Nf6 12.c5 h6 13.Ne6 Bxe6 14.dxe6 fxe4 15.cxd6 cxd6
16.Ba3 d5 17.b5 Re8 18.b6 axb6 19.Nb5 Bf8 20.Bd6 Nc6 21.Bc7 Qe7 22.Bxb6 Rec8
23.Qb3 Nb4 24.Rec1 Rxa2 25.Rxc8 Rxa1+ 26.Bf1 Nd3 27.Be3 Ng4 28.Qxd5 Rxf1+
29.Kxf1 Nxe3+ 30.fxe3 Qf6+ 31.Ke2 Qf2+  0-1